TMS 9980 microprocessor data manual

Đã lưu trong:
Sonraí Bibleagrafaíochta
Formáid: Leabhar
Teanga:Undetermined
Foilsithe: Texas Instruments 1976
Ábhair:
Clibeanna: Cuir Clib Leis
Gan Chlibeanna, Bí ar an gcéad duine leis an taifead seo a chlibeáil!
Thư viện lưu trữ: Trung tâm Học liệu Trường Đại học Cần Thơ
LEADER 00395nam a2200145Ia 4500
001 CTU_98791
008 210402s9999 xx 000 0 und d
082 |a 621.3819 
082 |b N677 
245 0 |a TMS 9980 microprocessor data manual 
260 |b Texas Instruments 
260 |c 1976 
650 |a Microprocessors 
904 |i Tuyến 
980 |a Trung tâm Học liệu Trường Đại học Cần Thơ